Retailové bankovníctvo na Slovensku bakalárska práca

Guardado en:
Detalles Bibliográficos
Autor principal: Zsigrai, Júlia
Autor Corporativo: Národohospodárska fakulta EU. Katedra bankovníctva a medzinárodných financií
Otros Autores: Kelemenová, Monika
Formato: Libro
Lenguaje:eslovaco
Publicado: Bratislava 2014
Etiquetas: Agregar Etiqueta
Sin Etiquetas, Sea el primero en etiquetar este registro!

MARC

LEADER 00000nbm a2200000 4500
001 0189352
005 20170201085317.4
041 0 |a slo 
044 |a SK 
245 1 0 |a Retailové bankovníctvo na Slovensku  |b bakalárska práca  |c Júlia Zsigrai ; školiteľ: Monika Kelemenová 
264 1 |a Bratislava  |c 2014 
300 |a 41 s. 
100 1 |a Zsigrai, Júlia 
700 1 |a Kelemenová, Monika 
710 2 |a Národohospodárska fakulta EU. Katedra bankovníctva a medzinárodných financií